[Event "Aut_chT"]
[Site "Frohnleiten"]
[Date "2002.12.05"]
[Round "1.1"]
[White "Luther, Thomas"]
[Black "Tischbierek, Raj"]
[Result "1-0"]
[WhiteElo "2551"]
[BlackElo "2523"]
[PlyCount "97"]
[EventDate "2002.12.05"]

1. e4 e5 2. Nf3 Nc6 3. Bb5 a6 4. Ba4 Nf6 5. O-O Be7 6. Re1 b5 7. Bb3 d6 8. c3
O-O 9. h3 Na5 10. Bc2 c5 11. d4 Nd7 12. b3 cxd4 13. cxd4 Nc6 14. Bb2 exd4 15.
Nxd4 Nxd4 16. Bxd4 Bf6 17. Nc3 Bb7 18. Rc1 Rc8 19. Bb1 Re8 20. Bxf6 Nxf6 21.
Qd4 Qe7 22. Rcd1 Qe5 23. Re3 h6 24. Qxd6 Qxd6 25. Rxd6 b4 26. Ne2 Nxe4 27. Rb6
Nc3 28. Nxc3 Rxe3 29. fxe3 bxc3 30. Rxb7 c2 31. Bxc2 Rxc2 32. a4 a5 33. Rb5 Rb2
34. Kh2 f5 35. Kg3 g6 36. Kf4 Kf7 37. Ke5 Rxg2 38. Rxa5 Rg3 39. Ra7+ Ke8 40.
Kf4 Rxh3 41. a5 Rh4+ 42. Kf3 Rh3+ 43. Kf4 Rh4+ 44. Ke5 Rb4 45. a6 Rxb3 46. Rb7
Rxe3+ 47. Kf6 Ra3 48. a7 Ra6+ 49. Kg7 1-0

[Event "Aut_chT"]
[Site "Frohnleiten"]
[Date "2002.12.05"]
[Round "1.1"]
[White "Eichler, Christoph"]
[Black "Kindermann, Stefan"]
[Result "0-1"]
[WhiteElo "2302"]
[BlackElo "2519"]
[PlyCount "58"]
[EventDate "2002.12.05"]

1. e4 c5 2. Nf3 e6 3. Nc3 Nc6 4. d4 cxd4 5. Nxd4 Qc7 6. g3 a6 7. Bg2 d6 8. O-O
Nf6 9. a4 Be7 10. h3 O-O 11. Nde2 Rb8 12. Be3 b5 13. axb5 axb5 14. Nd4 Nxd4 15.
Qxd4 e5 16. Qd3 b4 17. Nd5 Nxd5 18. Qxd5 Qxc2 19. Rfc1 Qe2 20. Bf1 Qh5 21. Ra7
Be6 22. Qd2 Rfe8 23. Rcc7 Bf8 24. f4 exf4 25. gxf4 Bxh3 26. Qh2 Qg6+ 27. Kf2
Bxf1 28. f5 Qg4 29. Kxf1 Rxe4 0-1

[Event "Aut_chT"]
[Site "Frohnleiten"]
[Date "2002.12.05"]
[Round "1.1"]
[White "Freitag, Manfred"]
[Black "Beck, Hartmuth"]
[Result "1-0"]
[WhiteElo "2381"]
[BlackElo "2257"]
[PlyCount "109"]
[EventDate "2002.12.05"]

1. d4 f5 2. g3 g6 3. Bg2 Bg7 4. Nf3 Nf6 5. O-O O-O 6. Nbd2 d5 7. Ne5 c6 8. Ndf3
Nbd7 9. Nd3 h6 10. Nf4 Kf7 11. b3 g5 12. Nd3 Kg8 13. h4 g4 14. Nfe5 Nxe5 15.
Nxe5 Qe8 16. Bf4 Nd7 17. Qc1 Nxe5 18. dxe5 Kh7 19. c4 e6 20. Qc3 Qe7 21. Rfd1
Re8 22. Rac1 Bd7 23. Rc2 Rac8 24. Rcd2 Ra8 25. e4 fxe4 26. Bxe4+ Kh8 27. Qe3
Qf7 28. Bc2 Rf8 29. Bxh6 Qh5 30. Bxg7+ Kxg7 31. Qg5+ Qxg5 32. hxg5 Be8 33. Rc1
Bh5 34. Kg2 Bg6 35. Rd4 Rf3 36. Bxg6 Kxg6 37. Rxg4 Raf8 38. Rc2 Kh5 39. Rh4+
Kxg5 40. cxd5 exd5 41. Re2 c5 42. Rh7 R3f7 43. f4+ Kg6 44. Rxf7 Kxf7 45. Kf3
Rh8 46. f5 b5 47. Rd2 Rd8 48. Ke3 a5 49. g4 Kg7 50. g5 Kf7 51. Rc2 d4+ 52. Kd3
Rd5 53. e6+ Ke7 54. Rf2 Re5 55. f6+ 1-0

[Event "Aut_chT"]
[Site "Frohnleiten"]
[Date "2002.12.05"]
[Round "1.1"]
[White "Peterwagner, Heinz"]
[Black "Wittmann, Walter"]
[Result "1/2-1/2"]
[WhiteElo "2243"]
[BlackElo "2332"]
[PlyCount "49"]
[EventDate "2002.12.05"]

1. e4 c5 2. Nc3 a6 3. a4 e6 4. g3 b6 5. Bg2 Bb7 6. Nge2 Nf6 7. O-O d5 8. d3
dxe4 9. Nxe4 Nxe4 10. dxe4 Nc6 11. Be3 Be7 12. Nf4 g6 13. Qe2 Qc7 14. Rfd1 O-O
15. Rd2 Rfd8 16. Rad1 Rxd2 17. Rxd2 Rd8 18. Rxd8+ Bxd8 19. h4 Bf6 20. c3 Qd7
21. Qd3 Qxd3 22. Nxd3 c4 23. Ne1 b5 24. axb5 axb5 25. Nc2 1/2-1/2

[Event "Aut_chT"]
[Site "Frohnleiten"]
[Date "2002.12.05"]
[Round "1.1"]
[White "Singer, Richard"]
[Black "Opl, Klaus"]
[Result "1/2-1/2"]
[WhiteElo "2281"]
[BlackElo "2279"]
[PlyCount "56"]
[EventDate "2002.12.05"]

1. d4 Nf6 2. c4 e6 3. Nf3 d5 4. Nc3 c6 5. e3 Nbd7 6. Qc2 Bd6 7. b3 O-O 8. Be2
e5 9. O-O e4 10. Nd2 Re8 11. cxd5 cxd5 12. Nb5 Bb8 13. Ba3 Nf8 14. Bxf8 Rxf8
15. Rfc1 a6 16. Nc3 Bd6 17. a3 Be6 18. b4 Nd7 19. f4 exf3 20. Bxf3 Qg5 21. Nf1
Rac8 22. Qf2 Nb6 23. g3 Rc7 24. Ne2 Rfc8 25. Rxc7 Rxc7 26. Nf4 Bxf4 27. exf4
Qf6 28. Ne3 Qxd4 1/2-1/2

[Event "Aut_chT"]
[Site "Frohnleiten"]
[Date "2002.12.05"]
[Round "1.2"]
[White "Bischoff, Klaus"]
[Black "Rabiega, Robert"]
[Result "1-0"]
[WhiteElo "2554"]
[BlackElo "2501"]
[PlyCount "73"]
[EventDate "2002.12.05"]

1. e4 e5 2. Nf3 Nf6 3. Nxe5 d6 4. Nf3 Nxe4 5. Bd3 d5 6. O-O Be7 7. Re1 Nc5 8.
Bf1 Bg4 9. h3 Bh5 10. d4 Ne6 11. c3 O-O 12. Nbd2 Nd7 13. Qb3 Nb6 14. a4 a5 15.
Ne5 c5 16. Ndf3 cxd4 17. Nxd4 Nxd4 18. cxd4 Bb4 19. Re3 Rc8 20. Rg3 Bg6 21. Bg5
Qd6 22. Bf4 Qf6 23. Nd3 Nc4 24. Be5 Qe7 25. Nf4 Nxe5 26. Nxd5 Qe6 27. dxe5 Bc2
28. Qa2 Qxe5 29. Nxb4 axb4 30. Re3 Qd4 31. Rae1 Bg6 32. b3 Rc2 33. Qa1 Qf4 34.
R1e2 Rxe2 35. Bxe2 Bc2 36. Qe1 Rd8 37. Bd3 1-0

[Event "Aut_chT"]
[Site "Frohnleiten"]
[Date "2002.12.05"]
[Round "1.2"]
[White "Muse, Mladen"]
[Black "Horvath, Csaba"]
[Result "1/2-1/2"]
[WhiteElo "2474"]
[BlackElo "2517"]
[PlyCount "26"]
[EventDate "2002.12.05"]

1. Nf3 Nf6 2. c4 e6 3. Nc3 d5 4. e3 a6 5. b3 b6 6. Bb2 Bb7 7. Be2 Nbd7 8. O-O
Bd6 9. cxd5 exd5 10. Nd4 g6 11. Nc2 Qe7 12. f4 O-O 13. Qe1 Rae8 1/2-1/2

[Event "Aut_chT"]
[Site "Frohnleiten"]
[Date "2002.12.05"]
[Round "1.2"]
[White "Hoelzl, Franz"]
[Black "Grosar, Aljosa"]
[Result "0-1"]
[WhiteElo "2393"]
[BlackElo "2470"]
[PlyCount "100"]
[EventDate "2002.12.05"]

1. Nf3 Nf6 2. c4 c5 3. e3 g6 4. d4 Bg7 5. Nc3 O-O 6. d5 d6 7. Be2 e6 8. O-O
exd5 9. cxd5 Re8 10. Nd2 a6 11. a4 Nbd7 12. Qb3 Qc7 13. Nc4 Rb8 14. Rd1 Ne4 15.
Nxe4 Rxe4 16. Bd2 Re8 17. Bc3 b6 18. Bxg7 Kxg7 19. Qc3+ Kg8 20. b4 Ne5 21. Nxe5
Rxe5 22. Rac1 a5 23. bxa5 bxa5 24. Bb5 Bb7 25. Qc4 Bc8 26. e4 Qe7 27. Re1 f5
28. f3 g5 29. Qc3 fxe4 30. fxe4 Bd7 31. Qxa5 Bxb5 32. axb5 Rxe4 33. Qd2 h6 34.
Rxe4 Qxe4 35. Re1 Qd4+ 36. Qxd4 cxd4 37. Rb1 Kf7 38. Kf2 Kf6 39. Re1 Rxb5 40.
Re6+ Kf5 41. Rxd6 Rb2+ 42. Ke1 Ke5 43. Rxh6 Kxd5 44. Rh5 Rxg2 45. h4 Ke4 46.
Rxg5 Rh2 47. Kd1 Rxh4 48. Kd2 Rh2+ 49. Kd1 Rh3 50. Kd2 Rh2+ 0-1

[Event "Aut_chT"]
[Site "Frohnleiten"]
[Date "2002.12.05"]
[Round "1.2"]
[White "Fahrner, Kurt"]
[Black "Moser, Günter"]
[Result "1/2-1/2"]
[WhiteElo "2360"]
[BlackElo "2357"]
[PlyCount "68"]
[EventDate "2002.12.05"]

1. c4 f5 2. g3 Nf6 3. Bg2 Nc6 4. d4 g6 5. b3 Bg7 6. Bb2 O-O 7. d5 Nb4 8. a3 Na6
9. e3 d6 10. Ne2 e5 11. dxe6 Nc5 12. O-O Qe7 13. Nbc3 c6 14. Qc2 Bxe6 15. b4
Ncd7 16. b5 Ne5 17. bxc6 bxc6 18. Na4 Nxc4 19. Nd4 Rac8 20. Bxc6 Bf7 21. Rfc1
d5 22. Bc3 Ne4 23. Bb4 Ned6 24. Bxd6 Qxd6 25. Bb5 Bxd4 26. exd4 Qf6 27. Qd3 a6
28. Bd7 Rb8 29. Rab1 f4 30. Nc5 fxg3 31. fxg3 Qg5 32. Re1 Qd2 33. Rbd1 Qxd3 34.
Rxd3 a5 1/2-1/2

[Event "Aut_chT"]
[Site "Frohnleiten"]
[Date "2002.12.05"]
[Round "1.2"]
[White "Pilaj, Herwig"]
[Black "Frosch, Erich"]
[Result "0-1"]
[WhiteElo "2312"]
[BlackElo "2343"]
[PlyCount "76"]
[EventDate "2002.12.05"]

1. Nf3 d5 2. d4 Nf6 3. c4 e6 4. Nc3 c6 5. e3 Nbd7 6. Bd3 dxc4 7. Bxc4 b5 8. Bd3
a6 9. e4 c5 10. e5 cxd4 11. Ne4 Nd5 12. O-O Qc7 13. a4 bxa4 14. Qxa4 Nb4 15.
Nd6+ Bxd6 16. exd6 Qxd6 17. Be4 Rb8 18. Rd1 e5 19. Bf4 O-O 20. Rxd4 Qb6 21.
Rxd7 Bxd7 22. Qxd7 exf4 23. Qf5 Qh6 24. h4 Rb5 25. Qd7 Qe6 26. Qd4 f5 27. Ng5
Qf6 28. Qc4+ Kh8 29. Bf3 Rb6 30. Re1 h6 31. Nh3 g5 32. hxg5 hxg5 33. Qc7 g4 34.
Nxf4 gxf3 35. Re7 Rc6 36. Rh7+ Kg8 37. Qd7 Rc1+ 38. Kh2 fxg2 0-1

[Event "Aut_chT"]
[Site "Frohnleiten"]
[Date "2002.12.05"]
[Round "1.2"]
[White "Ebner, Hubert"]
[Black "Titz, Heimo"]
[Result "1/2-1/2"]
[WhiteElo "2235"]
[BlackElo "2309"]
[PlyCount "89"]
[EventDate "2002.12.05"]

1. c4 Nf6 2. Nf3 c5 3. g3 g6 4. Bg2 Bg7 5. Nc3 O-O 6. O-O Nc6 7. d3 d5 8. cxd5
Nxd5 9. Nxd5 Qxd5 10. Be3 Bd7 11. Qc1 b6 12. Bh6 Rac8 13. Bxg7 Kxg7 14. a3 f6
15. Qc3 Qd6 16. Rfd1 e5 17. e3 Rfd8 18. b3 Be6 19. Rd2 Qe7 20. Rb1 Rd6 21. b4
cxb4 22. axb4 Nd4 23. Qa3 Nb5 24. Qa6 Nc3 25. Ra1 Rc7 26. h4 Qd7 27. Ne1 b5 28.
Qa3 e4 29. d4 Bd5 30. Bf1 Rdc6 31. Rc2 a6 32. Kh2 Qc8 33. Rac1 Na4 34. Rxc6
Rxc6 35. Rxc6 Qxc6 36. Qa1 Qc3 37. Qb1 Qd2 38. Ng2 Qxf2 39. Qc1 h6 40. Qc8 Qxf1
41. Nf4 Qf2+ 42. Kh3 Qf1+ 43. Kh2 Qf2+ 44. Kh3 Qf1+ 45. Kh2 1/2-1/2

[Event "Aut_chT"]
[Site "Frohnleiten"]
[Date "2002.12.05"]
[Round "1.3"]
[White "Pinter, Jozsef"]
[Black "Schlosser, Philipp"]
[Result "1/2-1/2"]
[WhiteElo "2562"]
[BlackElo "2534"]
[PlyCount "87"]
[EventDate "2002.12.05"]

1. d4 Nf6 2. c4 e6 3. Nf3 b6 4. Nc3 Bb7 5. g3 Bxf3 6. exf3 d5 7. Be3 Be7 8. f4
O-O 9. Bg2 c6 10. Qd3 Na6 11. a3 Nc7 12. O-O Qd7 13. b3 Rfd8 14. Rfd1 Rac8 15.
c5 Ng4 16. b4 Nxe3 17. fxe3 Rb8 18. Rab1 g6 19. Bf1 Rb7 20. Qc2 Rdb8 21. cxb6
axb6 22. a4 Ne8 23. e4 Nd6 24. Bg2 Nc4 25. Qe2 b5 26. axb5 Rxb5 27. Nxb5 Rxb5
28. Kh1 Rxb4 29. Rxb4 Bxb4 30. g4 Nd6 31. Rb1 Ba5 32. Rb8+ Kg7 33. exd5 cxd5
34. Qe5+ f6 35. Qe2 Bc7 36. Rb1 Nc4 37. Rf1 Bb6 38. f5 exf5 39. gxf5 Bxd4 40.
Rd1 Qa7 41. fxg6 Ne3 42. Rb1 hxg6 43. Qb5 Kh6 44. Bxd5 1/2-1/2

[Event "Aut_chT"]
[Site "Frohnleiten"]
[Date "2002.12.05"]
[Round "1.3"]
[White "Stangl, Markus"]
[Black "Baumegger, Siegfried"]
[Result "1/2-1/2"]
[WhiteElo "2494"]
[BlackElo "2364"]
[PlyCount "147"]
[EventDate "2002.12.05"]

1. Nf3 d5 2. c4 c6 3. d4 Nf6 4. Nc3 dxc4 5. a4 Bf5 6. e3 e6 7. Bxc4 Bb4 8. O-O
Nbd7 9. Qe2 O-O 10. e4 Bg6 11. Bd3 Bh5 12. Bf4 Re8 13. e5 Nd5 14. Nxd5 exd5 15.
Qe3 Nf8 16. Bf5 Ne6 17. Ng5 Nxg5 18. Bxg5 Qc7 19. Bxh7+ Kxh7 20. Qh3 Kg6 21. g4
Bxg4 22. Qxg4 Qc8 23. Qg3 Kh7 24. Kh1 Qf5 25. Rg1 Bf8 26. Bf6 Re6 27. Qh4+ Kg8
28. Ra3 Qe4+ 29. Qxe4 dxe4 30. Re3 Rae8 31. Rg4 g6 32. Rgxe4 Be7 33. Bxe7 R6xe7
34. Rh4 Rd7 35. Kg2 Kg7 36. Reh3 Red8 37. Rb3 b6 38. Rb4 Rd5 39. Re4 b5 40. a5
a6 41. Kf3 c5 42. dxc5 Rxc5 43. Re2 Rd1 44. Rf4 Rd3+ 45. Kg2 Rb3 46. e6 fxe6
47. Rxe6 Rxb2 48. Rxa6 Rf5 49. Rxf5 gxf5 50. Rb6 b4 51. Kg3 b3 52. a6 Ra2 53.
f4 Ra4 54. Rxb3 Rxa6 55. Kh4 Kg6 56. h3 Rc6 57. Rb8 Ra6 58. Rg8+ Kf7 59. Rg5
Kf6 60. Kh5 Ra3 61. Rg6+ Kf7 62. Rb6 Rxh3+ 63. Kg5 Ra3 64. Rb5 Ra6 65. Rxf5+
Kg7 66. Rb5 Kf7 67. Rb7+ Kf8 68. f5 Rc6 69. Rd7 Ra6 70. Rh7 Rb6 71. Rh6 Rxh6
72. Kxh6 Kf7 73. Kg5 Kg7 74. f6+ 1/2-1/2

[Event "Aut_chT"]
[Site "Frohnleiten"]
[Date "2002.12.05"]
[Round "1.3"]
[White "Wach, Markus"]
[Black "Weinzettl, Ernst"]
[Result "0-1"]
[WhiteElo "2398"]
[BlackElo "2373"]
[PlyCount "114"]
[EventDate "2002.12.05"]

1. e4 e6 2. d4 d5 3. Nc3 Nf6 4. Bg5 Be7 5. e5 Nfd7 6. Bxe7 Qxe7 7. f4 a6 8. Nf3
b5 9. g3 c5 10. Bg2 Nc6 11. O-O Nb6 12. b3 b4 13. Ne2 a5 14. Qd2 Ba6 15. Rae1
g6 16. Rf2 Bxe2 17. Rexe2 h5 18. h3 a4 19. Qe3 Ra5 20. Rd2 axb3 21. axb3 Ra3
22. Bf1 c4 23. Rd1 Na4 24. Qe1 Nc3 25. Ra1 Rxa1 26. Qxa1 cxb3 27. Qa8+ Nd8 28.
cxb3 Qb7 29. Qa1 Nc6 30. Qe1 Qb6 31. Rd2 Kd7 32. g4 hxg4 33. hxg4 Qa7 34. f5
gxf5 35. gxf5 Rg8+ 36. Bg2 Ne4 37. Rd1 Qa2 38. Qf1 Qc2 39. fxe6+ fxe6 40. Nh4
Nc3 41. Qf7+ Ne7 42. Ra1 Nb5 43. Ra6 Qd1+ 44. Kh2 Qg4 45. Kg1 Qxd4+ 46. Qf2 Nc6
47. Nf3 Qxf2+ 48. Kxf2 Nc7 49. Ra1 Ra8 50. Re1 Ra2+ 51. Kg3 Rb2 52. Re3 Na6 53.
Bh3 Nc5 54. Ng5 d4 55. Rf3 Nxe5 56. Rf6 Rxb3+ 57. Kh4 Ke7 0-1

[Event "Aut_chT"]
[Site "Frohnleiten"]
[Date "2002.12.05"]
[Round "1.3"]
[White "Blaas, Hansjoerg"]
[Black "Kuba, Guenter"]
[Result "0-1"]
[WhiteElo "2266"]
[BlackElo "2346"]
[PlyCount "76"]
[EventDate "2002.12.05"]

1. e4 e5 2. Bc4 Nc6 3. Nf3 Bc5 4. d3 Nf6 5. Nc3 a6 6. Bg5 h6 7. Bxf6 Qxf6 8.
Nd5 Qd8 9. c3 O-O 10. b4 Ba7 11. a4 d6 12. h3 Ne7 13. O-O Nxd5 14. Bxd5 c6 15.
Bb3 Kh8 16. d4 f5 17. exf5 e4 18. Nd2 d5 19. Qe2 Bb8 20. g4 Qh4 21. Qe3 Bxf5
22. Bd1 Bd7 23. f4 exf3 24. Rxf3 Rxf3 25. Qxf3 Qe1+ 26. Nf1 Bd6 27. Bc2 Qxa1
28. Qd3 Kg8 29. Qh7+ Kf7 30. Qg6+ Ke7 31. Qxg7+ Kd8 32. Qh8+ Be8 33. Qxh6 Kc7
34. Bf5 Rd8 35. Qe3 Bd7 36. Bg6 Rf8 37. Bd3 Qd1 38. Be2 Qe1 0-1

[Event "Aut_chT"]
[Site "Frohnleiten"]
[Date "2002.12.05"]
[Round "1.3"]
[White "Kilgus, Georg"]
[Black "Hoellrigl, Wilfried"]
[Result "1-0"]
[WhiteElo "2352"]
[BlackElo "2219"]
[PlyCount "71"]
[EventDate "2002.12.05"]

1. d4 Nf6 2. c4 g6 3. g3 Bg7 4. Bg2 d5 5. cxd5 Nxd5 6. e4 Nb6 7. Ne2 O-O 8. O-O
Nc6 9. d5 Ne5 10. a4 e6 11. f4 Ng4 12. h3 Nf6 13. a5 Nc4 14. Ra4 b5 15. Ra2 Qe7
16. d6 cxd6 17. b3 Bb7 18. bxc4 bxc4 19. Nbc3 Qc7 20. Be3 Rfd8 21. a6 Bc6 22.
Nd4 Be8 23. f5 e5 24. Ndb5 Bxb5 25. Nxb5 Qc6 26. Qa4 Rdb8 27. Nxa7 Qxa4 28.
Rxa4 Rb3 29. Bf2 gxf5 30. exf5 e4 31. Rxc4 d5 32. Rc8+ Rxc8 33. Nxc8 Ra3 34. a7
Bf8 35. Bd4 Nd7 36. Ra1 1-0

[Event "Aut_chT"]
[Site "Frohnleiten"]
[Date "2002.12.05"]
[Round "1.4"]
[White "Polzin, Rainer"]
[Black "Loeffler, Stefan"]
[Result "0-1"]
[WhiteElo "2462"]
[BlackElo "2398"]
[PlyCount "56"]
[EventDate "2002.12.05"]

1. e4 Nf6 2. e5 Nd5 3. d4 d6 4. c4 Nb6 5. exd6 exd6 6. Nc3 Be7 7. Bd3 O-O 8.
Nge2 c5 9. d5 Bg4 10. Qc2 Bxe2 11. Bxh7+ Kh8 12. Nxe2 g6 13. h4 Kxh7 14. h5 Rh8
15. Nf4 Kg8 16. Ne6 Qc8 17. Bd2 Rh7 18. Bc3 N8d7 19. O-O-O g5 20. f4 Nxc4 21.
fxg5 Ne3 22. Qe4 Nxd1 23. g6 Nxc3 24. bxc3 fxe6 25. Qxe6+ Kh8 26. h6 Bg5+ 27.
Kb2 Rxh6 28. Qf7 Qg8 0-1

[Event "Aut_chT"]
[Site "Frohnleiten"]
[Date "2002.12.05"]
[Round "1.4"]
[White "Penz, Harald"]
[Black "Schwarz, Michael"]
[Result "0-1"]
[WhiteElo "2324"]
[BlackElo "2410"]
[PlyCount "104"]
[EventDate "2002.12.05"]

1. e4 c6 2. Nf3 d5 3. Nc3 g6 4. exd5 cxd5 5. Bb5+ Nc6 6. O-O Bg7 7. d4 Bg4 8.
h3 Bxf3 9. Qxf3 e6 10. Bxc6+ bxc6 11. Rd1 Ne7 12. Na4 Nf5 13. c3 O-O 14. Nc5
Re8 15. Re1 Rb8 16. Nd3 f6 17. Bf4 Rb7 18. Nc5 Rxb2 19. Nxe6 Qd7 20. Nc5 Qf7
21. g4 Nh4 22. Qd3 g5 23. Bg3 Rd2 24. Rxe8+ Qxe8 25. Qa6 Nf3+ 26. Kg2 Bf8 27.
Rb1 Nh4+ 28. Kg1 Bxc5 29. Rb8 Rd1+ 30. Kh2 Nf3+ 31. Kg2 Rg1+ 32. Kxf3 Rxg3+ 33.
fxg3 Qxb8 34. Qxc6 Bd6 35. Qxd5+ Kg7 36. c4 Qc7 37. c5 Bxg3 38. Qc4 Qf4+ 39.
Ke2 Qf2+ 40. Kd1 Bf4 41. Qd3 Qe3 42. Kc2 Qxd3+ 43. Kxd3 f5 44. gxf5 Kf6 45. Ke4
h5 46. d5 Be5 47. d6 g4 48. hxg4 hxg4 49. Kd5 g3 50. c6 g2 51. c7 g1=Q 52. c8=Q
Qg2+ 0-1

[Event "Aut_chT"]
[Site "Frohnleiten"]
[Date "2002.12.05"]
[Round "1.4"]
[White "Schlosser, Michael"]
[Black "Roth, Peter"]
[Result "1-0"]
[WhiteElo "2344"]
[BlackElo "2319"]
[PlyCount "65"]
[EventDate "2002.12.05"]

1. e4 c5 2. Nf3 e6 3. d4 cxd4 4. Nxd4 Bc5 5. Nb3 Bb6 6. Nc3 Ne7 7. g3 Nbc6 8.
Bg2 O-O 9. O-O a6 10. a4 f5 11. exf5 Nxf5 12. Qe2 d5 13. Nd1 Bd7 14. Ne3 Nfd4
15. Nxd4 Nxd4 16. Qd1 Qf6 17. Ng4 Qf5 18. Be3 h5 19. Bxd4 Bxd4 20. Qxd4 hxg4
21. c4 Bc6 22. cxd5 Rad8 23. Be4 Qh5 24. d6 Rf6 25. Bxc6 bxc6 26. Qb6 Rdf8 27.
Qxc6 Rh6 28. Qg2 Qe5 29. Rad1 Qxb2 30. d7 Rd8 31. Qc6 Kf7 32. Qxa6 Rf6 33. Qc6
1-0

[Event "Aut_chT"]
[Site "Frohnleiten"]
[Date "2002.12.05"]
[Round "1.4"]
[White "Mueller, Roland"]
[Black "Kotz, Heinz Peter"]
[Result "0-1"]
[WhiteElo "2182"]
[BlackElo "2325"]
[PlyCount "50"]
[EventDate "2002.12.05"]

1. e4 e5 2. Nf3 Nc6 3. Bb5 f5 4. d4 fxe4 5. Bxc6 dxc6 6. Nxe5 Nf6 7. Nc3 Bd6 8.
Bg5 O-O 9. Qe2 Qe8 10. O-O-O Bf5 11. g4 Be6 12. Rhg1 c5 13. Bxf6 gxf6 14. Nc4
Bxh2 15. Rh1 Bf4+ 16. Kb1 Qg6 17. f3 e3 18. d5 Bf7 19. Ne4 Rfe8 20. Nxe3 Rxe4
21. fxe4 Qxe4 22. Rh3 Re8 23. Re1 Bg6 24. Qf2 Re5 25. Ng2 Qxg2 0-1

[Event "Aut_chT"]
[Site "Frohnleiten"]
[Date "2002.12.05"]
[Round "1.4"]
[White "Perhinig, Robert"]
[Black "Prager, Manfred"]
[Result "1-0"]
[WhiteElo "2236"]
[BlackElo "2087"]
[PlyCount "139"]
[EventDate "2002.12.05"]

1. d4 Nf6 2. c4 e5 3. dxe5 Ng4 4. Nf3 Nc6 5. Nc3 Ngxe5 6. Nxe5 Nxe5 7. e3 d6 8.
Be2 Be7 9. b3 O-O 10. O-O c6 11. Bb2 Qc7 12. Qc2 Bg4 13. Bxg4 Nxg4 14. h3 Ne5
15. Rad1 Rad8 16. Rd2 Rd7 17. Rfd1 Rfd8 18. Ne2 Ng6 19. Ng3 d5 20. cxd5 cxd5
21. Qd3 b6 22. Rc2 Qb7 23. Nf5 Bf8 24. Qb5 Ne7 25. Nd4 a6 26. Qd3 b5 27. Rdc1
h6 28. Nc6 Nxc6 29. Rxc6 Qa8 30. Qf5 Qb7 31. h4 Bd6 32. Qg4 Bf8 33. Qd4 f6 34.
Qb6 Qxb6 35. Rxb6 Rd6 36. Rcc6 Rxc6 37. Rxc6 Ra8 38. Rc7 b4 39. Kf1 a5 40. Ke2
a4 41. Kd3 axb3 42. axb3 Bd6 43. Rd7 Ra2 44. Bxf6 gxf6 45. Rxd6 Rxf2 46. Rxd5
Rxg2 47. Rd4 Kf7 48. Rxb4 Rh2 49. Rd4 Rb2 50. b4 Rb3+ 51. Ke4 Ke6 52. Rc4 Rb1
53. Rc6+ Ke7 54. Rb6 Rh1 55. Kd5 Rxh4 56. Rb7+ Kd8 57. b5 Kc8 58. Rh7 Rb4 59.
Kc6 Rc4+ 60. Kb6 Re4 61. Rh8+ Kd7 62. Rxh6 Re6+ 63. Kb7 Rxe3 64. Rxf6 Rb3 65.
b6 Rb1 66. Rf2 Rd1 67. Rc2 Kd8 68. Kb8 Kd7 69. b7 Kd8 70. Ra2 1-0

[Event "Aut_chT"]
[Site "Frohnleiten"]
[Date "2002.12.05"]
[Round "1.5"]
[White "Varga, Peter"]
[Black "Lutz, Christopher"]
[Result "1/2-1/2"]
[WhiteElo "2490"]
[BlackElo "2655"]
[PlyCount "52"]
[EventDate "2002.12.05"]

1. d4 Nf6 2. c4 e6 3. Nc3 Bb4 4. Qc2 O-O 5. a3 Bxc3+ 6. Qxc3 b6 7. Bg5 Bb7 8.
f3 h6 9. Bh4 d5 10. e3 Nbd7 11. cxd5 Nxd5 12. Bxd8 Nxc3 13. Bh4 Nd5 14. Bf2 f5
15. Bb5 c6 16. Bd3 Rae8 17. Ne2 e5 18. O-O e4 19. fxe4 fxe4 20. Bc4 N7f6 21.
Nc3 Kh7 22. Nxd5 Nxd5 23. Rac1 Rf7 24. Rfe1 Rd8 25. Bg3 Re7 26. Rc2 Rdd7
1/2-1/2

[Event "Aut_chT"]
[Site "Frohnleiten"]
[Date "2002.12.05"]
[Round "1.5"]
[White "Rotstein, Arkadij"]
[Black "Vogt, Lothar"]
[Result "1-0"]
[WhiteElo "2557"]
[BlackElo "2471"]
[PlyCount "105"]
[EventDate "2002.12.05"]

1. Nf3 c5 2. c4 g6 3. d4 cxd4 4. Nxd4 Nc6 5. e4 Nf6 6. Nc3 d6 7. Be2 Nxd4 8.
Qxd4 Bg7 9. Be3 O-O 10. Qd2 Be6 11. Rc1 Qa5 12. f3 Rfc8 13. b3 a6 14. Na4 Qxd2+
15. Kxd2 Nd7 16. g4 f5 17. gxf5 gxf5 18. Rhg1 Kh8 19. Bd3 Ne5 20. Rxg7 Kxg7 21.
Bd4 fxe4 22. Bxe4 Rf8 23. Ke3 Kf7 24. Bxe5 dxe5 25. Bxb7 Ra7 26. Be4 Ke8 27.
Bxh7 Rh8 28. Bg6+ Bf7 29. Bxf7+ Kxf7 30. Rc2 Ke6 31. Nc5+ Kd6 32. Ne4+ Kc6 33.
Rg2 a5 34. Nf2 Rd7 35. Nd3 Rh5 36. a3 Kb6 37. b4 axb4 38. axb4 Rc7 39. c5+ Kb5
40. Rg6 Rb7 41. Rg2 Ra7 42. Rc2 Rd7 43. c6 Rd8 44. Rc5+ Kb6 45. Nxe5 Rxh2 46.
Nc4+ Kc7 47. b5 Rh6 48. b6+ Kc8 49. Ne5 Rdd6 50. Rb5 Kb8 51. b7 Rh8 52. Ra5 Kc7
53. Ra8 1-0

[Event "Aut_chT"]
[Site "Frohnleiten"]
[Date "2002.12.05"]
[Round "1.5"]
[White "Lehner, Oliver"]
[Black "Beim, Valeri"]
[Result "0-1"]
[WhiteElo "2413"]
[BlackElo "2555"]
[PlyCount "68"]
[EventDate "2002.12.05"]

1. d4 f5 2. g3 Nf6 3. Bg2 g6 4. c3 Bg7 5. Qb3 Nc6 6. Nh3 d5 7. Nf4 e6 8. h4 Qe7
9. Nd2 a5 10. a4 b6 11. Nf3 Ne4 12. Nd3 Ba6 13. Bf4 O-O 14. Qd1 Nd8 15. Be5 c5
16. Bxg7 Qxg7 17. Nf4 Re8 18. e3 cxd4 19. exd4 Nf7 20. Nd3 f4 21. gxf4 Qf6 22.
h5 Kg7 23. Nde5 Nxe5 24. fxe5 Qf5 25. Qc1 g5 26. h6+ Kh8 27. Rh5 Qg4 28. Rxg5
Nxg5 29. Qxg5 Qe4+ 30. Kd2 Qe2+ 31. Kc1 Ra7 32. Qf6+ Kg8 33. Bh3 Rf7 34. Bxe6
Rxe6 0-1

[Event "Aut_chT"]
[Site "Frohnleiten"]
[Date "2002.12.05"]
[Round "1.5"]
[White "Lau, Ralf"]
[Black "Ganaus, Hannes"]
[Result "1/2-1/2"]
[WhiteElo "2491"]
[BlackElo "2357"]
[PlyCount "65"]
[EventDate "2002.12.05"]

1. e4 e6 2. d4 d5 3. Nd2 c5 4. exd5 exd5 5. Ngf3 Nc6 6. Bb5 Bd6 7. dxc5 Qe7+ 8.
Be2 Bxc5 9. O-O Nf6 10. Nb3 Bb6 11. c3 O-O 12. Bg5 Qd8 13. Bd3 Bg4 14. h3 Bh5
15. Re1 Qd6 16. Bh4 Bxf3 17. Qxf3 Ne5 18. Qf5 Nxd3 19. Qxd3 Ne4 20. Nd4 Rfe8
21. Bg3 Nxg3 22. Qxg3 Qxg3 23. fxg3 Re6 24. Kf1 Bxd4 25. cxd4 Rc8 26. Rac1
Rxe1+ 27. Rxe1 Kf8 28. Re2 Rc4 29. Rd2 Ke7 30. Ke2 Rc6 31. Ke3 h5 32. Rf2 g6
33. Re2 1/2-1/2

[Event "Aut_chT"]
[Site "Frohnleiten"]
[Date "2002.12.05"]
[Round "1.5"]
[White "Bokros, Albert"]
[Black "Mahdy, Khaled"]
[Result "1/2-1/2"]
[WhiteElo "2435"]
[BlackElo "2376"]
[PlyCount "72"]
[EventDate "2002.12.05"]

1. e4 e5 2. Nf3 Nc6 3. Bb5 a6 4. Ba4 d6 5. O-O Bd7 6. c3 h6 7. d4 Nge7 8. d5
Nb8 9. c4 Ng6 10. Nc3 Be7 11. b4 O-O 12. Be3 Bxa4 13. Nxa4 Nd7 14. c5 Nf6 15.
Nd2 Rc8 16. Rc1 Nf4 17. g3 Ng6 18. f3 Nd7 19. c6 bxc6 20. Rxc6 Bg5 21. Qe2 Ne7
22. Bxg5 hxg5 23. Rxa6 c6 24. dxc6 Nxc6 25. b5 Nd4 26. Qd3 Nc5 27. Nxc5 Rxc5
28. Nb3 Rc3 29. Qd1 Nxb5 30. Qe2 Nc7 31. Ra5 Ne6 32. Rd5 Qc7 33. Rfd1 Ra8 34.
R1d2 Ra4 35. Kg2 Rcc4 36. h3 Rc6 1/2-1/2

[Event "Aut_chT"]
[Site "Frohnleiten"]
[Date "2002.12.05"]
[Round "1.5"]
[White "Kleiser, Gregor"]
[Black "Weissenbeck, Manuel"]
[Result "1-0"]
[WhiteElo "2201"]
[BlackElo "2225"]
[PlyCount "43"]
[EventDate "2002.12.05"]

1. e4 e6 2. d4 d5 3. Nc3 dxe4 4. Nxe4 Nd7 5. Nf3 Ngf6 6. Bg5 Be7 7. Nxf6+ Bxf6
8. Bxf6 Qxf6 9. Qd2 O-O 10. O-O-O Rd8 11. Bd3 Nf8 12. h4 Bd7 13. Qe3 Bc6 14.
Ne5 Rd6 15. Rh3 Rad8 16. Rg3 Kh8 17. Rg4 Be8 18. Be2 Ng6 19. h5 Nxe5 20. dxe5
Rxd1+ 21. Bxd1 Qf5 22. Rg5 1-0

[Event "Aut_chT"]
[Site "Frohnleiten"]
[Date "2002.12.05"]
[Round "1.6"]
[White "Dizdar, Goran"]
[Black "Hickl, Joerg"]
[Result "1/2-1/2"]
[WhiteElo "2525"]
[BlackElo "2602"]
[PlyCount "53"]
[EventDate "2002.12.05"]

1. d4 Nf6 2. Nf3 c5 3. d5 g6 4. c4 Bg7 5. Nc3 O-O 6. g3 d6 7. Bg2 Na6 8. O-O
Nc7 9. a4 Rb8 10. e4 a6 11. a5 Bg4 12. h3 Bxf3 13. Bxf3 Nd7 14. Be2 Bd4 15. Kh2
e6 16. f4 exd5 17. exd5 Re8 18. Bd3 b5 19. axb6 Rxb6 20. Qc2 Be3 21. Bxe3 Rxe3
22. Rae1 Qe7 23. Qc1 Rxb2+ 24. Kh1 Rxg3 25. Rxe7 Rxh3+ 26. Kg1 Rg3+ 27. Kh1
1/2-1/2